الطريقة والاستراتيجية في التعليم / (رقم التسجيلة. 40032)
[ عرض عادي ]
| 000 -الفاتح | |
|---|---|
| حقل البيانات ثابتة الطول | 00687cam a22002051a 4500 |
| 003 - محدد رقم الضبط | |
| رقم الضبط | OSt |
| 005 - وقت وتاريخ اخر تعامل مع التسجيلة | |
| رقم الضبط | 20170221105341.0 |
| 008 - عناصر البيانات ثابتة الطول - معلومات عامة | |
| حقل البيانات ثابتة الطول | 120219n2014 sy a f 00010 ara c |
| 020 ## - الرقم الدولى المعيارى للكتب | |
| الرقم الدولى المعيارى للكتاب | 9789957332419 |
| 040 ## - مصدر الفهرسة | |
| وكالة الفهرسة الأصلية | ma-un |
| لغة الفهرسة | ara |
| 082 04 - رقم تصنيف ديوى العشرى | |
| رقم التصنيف | 371.3 |
| رقم المادة | م ح ط |
| رقم الطبعة | 21 |
| 100 1# - المدخل الرئيسى - إسم شخصى | |
| الإسم الشخصى | المولى، حميد مجيد |
| 9 (RLIN) | 22337 |
| 245 12 - بيان العنوان | |
| العنوان | الطريقة والاستراتيجية في التعليم / |
| بيان المسئوليه,etc | حميد مجيد المولى. |
| 250 ## - بيان الطبعة | |
| بيان الطبعة | ط. 1. |
| 260 ## - PUBLICATION, DISTRIBUTION, ETC. (IMPRINT) | |
| مكان الناشر او الموزع | دمشق : |
| اسم الناشر او الموزع | دار الينابيع، |
| تاريخ النشر أو التوزيع | [19-- |
| 300 ## - الوصف المادى | |
| التعداد | 330 ص. : |
| تفاصيل ماديه اخرى للوعاء | إيض. ؛ |
| أبعاد الوعاء | 24 سم. |
| 504 ## - تبصرة ببليوجرافية | |
| تبصرة ببليوجرافية,الخ | يشتمل علي إرجاعات ببليوجرافية. |
| 650 #7 - المدخل الاضافى بالموضوع-مصطلح موضوعى | |
| مصطلح موضوعي أو اسم جغرافي كعنصر مدخل | طرق التدريس |
| 9 (RLIN) | 57364 |
| 942 ## - عناصر المدخل الإضافي( كوها) | |
| Koha [default] item type | كتاب |
| حالة الفقد | نموذج السعر الفعال | حالة تلف | ليس للاعارة | رقم الطلب | تاريخ الاكتساب | الموقع الحالي | الباركود | الفرع الرئيسي | Date last seen | نوع المادة فى نظام كوها | مصدر التصنيف او خطة الترفيف | Total Checkouts |
|---|---|---|---|---|---|---|---|---|---|---|---|---|
| 2017-02-21 | 371.3 م ح ط | 2017-02-21 | المكتبة المركزية بالمجمعة (CL) | 00141315 | المكتبة المركزية بالمجمعة (CL) | 2017-02-21 | كتاب | Dewey Decimal Classification | ||||
| 2017-02-21 | 371.3 م ح ط | 2017-02-21 | المكتبة المركزية بالمجمعة (CL) | 00141316 | المكتبة المركزية بالمجمعة (CL) | 2017-02-21 | كتاب | Dewey Decimal Classification | ||||
| 2017-02-21 | 371.3 م ح ط | 2017-02-21 | المكتبة المركزية بالمجمعة (CL) | 00141317 | المكتبة المركزية بالمجمعة (CL) | 2017-02-21 | كتاب | Dewey Decimal Classification | ||||
| 2017-02-21 | 371.3 م ح ط | 2017-02-21 | مكتبة كلية التربية بالزلفى - طالبات (EZF) | 00141318 | مكتبة كلية التربية بالزلفى - طالبات (EZF) | 2017-02-21 | كتاب | Dewey Decimal Classification | ||||
| 2017-02-21 | 371.3 م ح ط | 2017-02-21 | مكتبة كلية التربية بالزلفى - طالبات (EZF) | 00141319 | مكتبة كلية التربية بالزلفى - طالبات (EZF) | 2017-02-21 | كتاب | Dewey Decimal Classification | ||||
| 2017-02-21 | 371.3 م ح ط | 2017-02-21 | مكتبة مجمع الطالبات بالمجمعة (EMF) | 00141320 | مكتبة مجمع الطالبات بالمجمعة (EMF) | 2017-02-21 | كتاب | Dewey Decimal Classification | ||||
| 2017-02-21 | 371.3 م ح ط | 2017-02-21 | مكتبة مجمع الطالبات بالمجمعة (EMF) | 00141321 | مكتبة مجمع الطالبات بالمجمعة (EMF) | 2017-02-21 | كتاب | Dewey Decimal Classification |
